000 00767nam a2200277Ia 4500
003 OSt
005 20221005030915.0
006 a|||||r|||| 00| 0
007 ta
008 221004b |||||||| |||| 00| 0 eng d
020 _a0674136802
024 _a40786
037 _cTextual
040 _aCRL
_cCRL
_beng
041 _2eng
_aeng
082 _aO111,1L72:g, K8
100 _aBate W. Jackson
110 _aGift from Prof Amitava Banerjee, London
245 0 _aColeridge
260 _aCambridge
_bHarvard University Press UK
_c1987
300 _a244p.
_ccm.
650 _aENGLISH LITERATURE
700 _aGift from Prof Amitava Banerjee, London
942 _hO111,1L72:g, K8
_cTEXL
_2cc
999 _c936905
_d936905